Statistics for Western Hemisphere Flags to Capitals

Click here to take the quiz!

General Stats

  • This quiz has been taken 15 times
    (12 since last reset)
  • The average score is 61 of 92

Answer Stats

Answer% Correct
Athens
100%
Buenos Aires
100%
Mexico City
100%
Montevideo
100%
Panama City
100%
Amsterdam
80%
Ankara
80%
Belgrade
80%
Berlin
80%
Bogota
80%
Brasilia
80%
Brussels
80%
Copenhagen
80%
Dublin
80%
Guatemala City
80%
Helsinki
80%
Kingston
80%
Lima
80%
London
80%
Madrid
80%
Monaco
80%
Moscow
80%
Nuuk
80%
Ottawa
80%
Paris
80%
Port au Prince
80%
Pristina
80%
Quito
80%
Reykjavik
80%
San Juan
80%
San Marino
80%
San Salvador
80%
Santiago
80%
Santo Domingo
80%
Sarajevo
80%
Skopje
80%
Sofia
80%
Stockholm
80%
Tallinn
80%
Tirana
80%
Vaduz
80%
Vatican City
80%
Vienna
80%
Zagreb
80%
Andorra la Vella
60%
Asuncion
60%
Bern
60%
Bratislava
60%
Bridgetown
60%
Bucharest
60%
Budapest
60%
Caracas
60%
Cardiff
60%
Chisinau
60%
Edinburgh
60%
Georgetown
60%
Havana
60%
Kyiv
60%
Lisbon
60%
Ljubljana
60%
Luxembourg
60%
Managua
60%
Minsk
60%
Nassau
60%
Nicosia
60%
Oranjestad
60%
Oslo
60%
Prague
60%
Riga
60%
Rome
60%
Tegucigalpa
60%
Valleta
60%
Warsaw
60%
Washington D.C.
60%
Basseterre
40%
Belmopan
40%
Castries
40%
Cockburn Town
40%
Hamilton
40%
La Paz/Sucre
40%
Paramaribo
40%
Philipsburg
40%
Podgorica
40%
Port of Spain
40%
Roseau
40%
Saint Georges
40%
Saint Johns
40%
San Jose
40%
Tbilisi
40%
The Valley
40%
Vilnius
40%
Kingstown
20%

Score Distribution

Percentile by Number Answered

Percent of People with Each Score

Your Score History

You have not taken this quiz since the last reset